Handbook of research on strategy and foresight (ed. by L. Constanzo)

Guardado en:
Detalles Bibliográficos
Otros Autores: Constanzo, Laura Anna, MacKay, Robert Bradley
Formato: Libro
Lenguaje:inglés
Publicado: Cheltenham Edward Elgar 2009
Materias:
Etiquetas: Agregar Etiqueta
Sin Etiquetas, Sea el primero en etiquetar este registro!

MARC

LEADER 00000nam$a2200000$$$4500
001 0100516
005 20221207101101.3
020 |a 978-1-84542-963-8 
041 0 |a eng 
044 |a GB 
245 1 0 |a Handbook of research on strategy and foresight (ed. by L. Constanzo)  |c edited by Laura Anna Constanzo, Robert Bradley MacKay 
264 1 |a Cheltenham  |b Edward Elgar  |c 2009 
300 |a 548 s. 
610 2 0 |a výskum 
610 2 0 |a stratégia marketingová 
610 2 0 |a predvídanie vedecké 
610 2 0 |a inovácia 
700 1 |a Constanzo, Laura Anna 
700 1 |a MacKay, Robert Bradley